Operating system principles (Record no. 506)

MARC details
000 -LEADER
Fixed length control field 00553nam a2200193 4500
003 - CONTROL NUMBER IDENTIFIER
Control field SEACOMMC
005 - DATE AND TIME OF LATEST TRANSACTION
Control field 20231120071924.0
008 - FIXED-LENGTH DATA ELEMENTS--GENERAL INFORMATION
Fixed length control field 231120b |||||||| |||| 00| 0 eng d
020 ## - INTERNATIONAL STANDARD BOOK NUMBER / ISBN
Price $9.00
040 ## - CATALOGING SOURCE
Original cataloging agency SEACOMMC
082 ## - DEWEY DECIMAL CLASSIFICATION NUMBER
Classification number 005.43
Book Number S582
100 1# - MAIN ENTRY--PERSONAL NAME
Personal name Silberschatz,Abraham
245 1# - TITLE STATEMENT
Title Operating system principles
Statement of responsibility Abraham Silberschatz peter boer Galvin Greg Gagne
250 1# - EDITION STATEMENT
Edition statement 7 th ed.
260 1# - IMPRINT
Place of publication Singapore
Name of publisher john Wiley
Date of publication 2006
650 ## - SUBJECT ADDED ENTRY--TOPICAL TERM
Topical term Computer science,*Systems programming and programs
700 1# - ADDED ENTRY--PERSONAL NAME
Personal name peter boer Galvin
942 ## - ADDED ENTRY ELEMENTS (KOHA)
Koha item type Books
Holdings
Withdrawn status Lost status Source of classification Damaged status Not for loan Home library Current library Date acquired Total Checkouts Call number Accession number Date last seen Copy number Price effective from Koha item type
    Dewey Decimal Classification     SEACOM MANAGEMENT COLLEGE SEACOM MANAGEMENT COLLEGE 01/06/2006   005.43 S582 00288 20/11/2023 15 20/11/2023 Books
    Dewey Decimal Classification     SEACOM MANAGEMENT COLLEGE SEACOM MANAGEMENT COLLEGE 01/06/2006   005.43 S582 00289 20/11/2023 16 20/11/2023 Books
    Dewey Decimal Classification     SEACOM MANAGEMENT COLLEGE SEACOM MANAGEMENT COLLEGE 01/06/2006   005.43 S582 00290 20/11/2023 17 20/11/2023 Books
    Dewey Decimal Classification     SEACOM MANAGEMENT COLLEGE SEACOM MANAGEMENT COLLEGE 01/06/2006   005.43 S582 00291 20/11/2023 18 20/11/2023 Books
    Dewey Decimal Classification     SEACOM MANAGEMENT COLLEGE SEACOM MANAGEMENT COLLEGE 01/06/2006   005.43 S582 00292 20/11/2023 19 20/11/2023 Books
    Dewey Decimal Classification     SEACOM MANAGEMENT COLLEGE SEACOM MANAGEMENT COLLEGE 01/06/2006   005.43 S582 00293 20/11/2023 20 20/11/2023 Books
    Dewey Decimal Classification     SEACOM MANAGEMENT COLLEGE SEACOM MANAGEMENT COLLEGE 01/06/2006   005.43 S582 00294 20/11/2023 21 20/11/2023 Books
    Dewey Decimal Classification     SEACOM MANAGEMENT COLLEGE SEACOM MANAGEMENT COLLEGE 01/06/2006   005.43 S582 00295 20/11/2023 22 20/11/2023 Books
    Dewey Decimal Classification     SEACOM MANAGEMENT COLLEGE SEACOM MANAGEMENT COLLEGE 01/06/2006   005.43 S582 00296 20/11/2023 23 20/11/2023 Books
    Dewey Decimal Classification     SEACOM MANAGEMENT COLLEGE SEACOM MANAGEMENT COLLEGE 01/06/2006   005.43 S582 00297 20/11/2023 24 20/11/2023 Books
    Dewey Decimal Classification     SEACOM MANAGEMENT COLLEGE SEACOM MANAGEMENT COLLEGE 01/06/2006   005.43 S582 00298 20/11/2023 25 20/11/2023 Books
    Dewey Decimal Classification     SEACOM MANAGEMENT COLLEGE SEACOM MANAGEMENT COLLEGE 01/06/2006   005.43 S582 00299 20/11/2023 26 20/11/2023 Books
    Dewey Decimal Classification     SEACOM MANAGEMENT COLLEGE SEACOM MANAGEMENT COLLEGE 01/06/2006   005.43 S582 00300 20/11/2023 27 20/11/2023 Books
    Dewey Decimal Classification     SEACOM MANAGEMENT COLLEGE SEACOM MANAGEMENT COLLEGE 01/06/2006   005.43 S582 00301 20/11/2023 28 20/11/2023 Books
    Dewey Decimal Classification     SEACOM MANAGEMENT COLLEGE SEACOM MANAGEMENT COLLEGE 01/06/2006   005.43 S582 00302 20/11/2023 29 20/11/2023 Books
© Seacom Engineering College, All rights reserved.    Powered by Koha